| 000 | 00615nam a22002057a 4500 | ||
|---|---|---|---|
| 003 | OSt | ||
| 005 | 20140310182329.0 | ||
| 008 | 130921t xxu||||| |||| 00| 0 eng d | ||
| 020 | _a0385306539 | ||
| 050 |
_aPZ 7 _b.Un43Ib 1971 |
||
| 082 |
_aGS 823 _b.Un3i 1971 |
||
| 100 |
_aUngerer, Tomi _921358 |
||
| 245 |
_aI am papa snap and these are my favorite no such stories / _cTomi Ungerer |
||
| 260 |
_aNew York : _bBantam Doubleday Dell Publishing Group, Inc, _c1992. |
||
| 300 |
_a32 p. : _bcol, ill. ; _c31 cm. |
||
| 541 | _j1 | ||
| 562 | _e1 | ||
| 650 |
_aHumorous stories _93831 |
||
| 942 |
_2lcc _cBK-GS |
||
| 999 |
_c11953 _d11953 |
||